[Event "World Blitz 2022"]
[Site "Almaty KAZ"]
[Date "2022.12.29"]
[Round "9.2"]
[White "Dubov,Daniil"]
[Black "Nakamura,Hi"]
[Result "1/2-1/2"]
[WhiteElo "2708"]
[BlackElo "2768"]

1.e4 e5 2.Nf3 Nc6 3.Nc3 Nf6 4.d4 exd4 5.Nxd4 Bb4 6.Nxc6 bxc6 7.Bd3 O-O 8.O-O d5
9.exd5 Bg4 10.f3 Bh5 11.dxc6 Qd4+ 12.Kh1  1/2-1/2

[Event "World Blitz 2022"]
[Site "Almaty KAZ"]
[Date "2022.12.29"]
[Round "10.2"]
[White "Nakamura,Hi"]
[Black "Duda,J"]
[Result "1/2-1/2"]
[WhiteElo "2768"]
[BlackElo "2729"]

1.e4 e5 2.Nf3 Nc6 3.Bb5 Nf6 4.d3 Bc5 5.Bxc6 dxc6 6.Nbd2 Nd7 7.O-O O-O 8.Nc4 f6
9.Kh1 Nb6 10.Ne3 Be6 11.Rg1 Kh8 12.g4 a5 13.Qe2 a4 14.Nf5 Bd6 15.Rg3 g6 16.Bh6 Rf7
17.Nxd6 cxd6 18.d4 Nd7 19.c4 exd4 20.Nxd4 Qe7 21.Bd2 Ne5 22.Rc1 Bxc4 23.Rxc4 Nxc4
24.Qxc4 Qxe4+ 25.f3 Qe7 26.Rg1 d5 27.Qd3 Re8 28.Re1 Qd7 29.Qc3 Kg8 30.b4 axb3
31.axb3 Rfe7 32.Rxe7 Qxe7 33.b4 Qe5 34.Kg2 Rc8 35.Qc5 Kf7 36.h4 Ra8 37.Qc3 Ra2
38.Qd3 Qd6 39.Ne2 b6 40.h5 c5 41.hxg6+ hxg6 42.bxc5 bxc5 43.Nc3 Ra3 44.Qb1 Qc6
45.Qh1 g5 46.Qh7+ Ke8 47.Qg8+ Kd7 48.Nxd5 Qe6 49.Qh7+ Kc6 50.Nc3 Rb3 51.Qd3 c4
52.Qc2 Qe5 53.Ne4 Qd4 54.Qa2 Rb2 55.Qa6+ Kc7 56.Qa5+ Kb7 57.Kh3 Rb1 58.Ng3 Rb3
59.Bb4 Rxf3 60.Qb5+ Qb6 61.Qd7+ Qc7 62.Qb5+ Qb6 63.Qd7+ Qc7 64.Qb5+ Qb6 65.Qxc4 Qc6
66.Qxc6+ Kxc6 67.Bf8  1/2-1/2

[Event "World Blitz 2022"]
[Site "Almaty KAZ"]
[Date "2022.12.29"]
[Round "11.2"]
[White "Martirosyan,Haik M."]
[Black "Nakamura,Hi"]
[Result "0-1"]
[WhiteElo "2682"]
[BlackElo "2768"]

1.d4 Nf6 2.c4 Nc6 3.Nf3 e6 4.g3 g6 5.Bg2 Bg7 6.O-O O-O 7.b3 d5 8.Bb2 b6 9.Nbd2 Bb7
10.Rc1 Rc8 11.e3 Ne7 12.Ne5 Nd7 13.Nd3 c5 14.dxc5 Bxb2 15.Nxb2 Nxc5 16.b4 Nd7
17.Nb3 Rc7 18.a3 Ba6 19.b5 Bb7 20.cxd5 Nxd5 21.Qd2 N5f6 22.Bxb7 Rxb7 23.Nc4 Rc7
24.f3 Nc5 25.Qxd8 Rxd8 26.Ne5 Rd5 27.f4 Nfe4 28.Nd4 f6 29.Nec6 Kf7 30.Rc2 a5
31.Rfc1 Rcd7 32.Kg2 Nd3 33.Rd1 Ndc5 34.Rdc1 e5 35.fxe5 fxe5 36.Nf3 Nd3 37.Rf1 Kg7
38.Rc4 Nd6 39.Rc2 Nf5 40.Re2 Rxb5 41.e4 Ne7 42.Nxe7 Rxe7 43.Rd2 Rb3 44.Rfd1 Nc5
45.Rd5 Nxe4 46.Nxe5 Rb2+ 47.Kg1 Nf6 48.Nc4 Rc2 49.R5d4 Ree2 50.Nxb6 Rg2+
51.Kf1 Rxh2 52.Kg1 Rcg2+ 53.Kf1 Nh5  0-1

[Event "World Blitz 2022"]
[Site "Almaty KAZ"]
[Date "2022.12.29"]
[Round "12.2"]
[White "Nakamura,Hi"]
[Black "Fedoseev,Vl3"]
[Result "1-0"]
[WhiteElo "2768"]
[BlackElo "2688"]

1.e4 e5 2.Bc4 Nf6 3.d3 Bc5 4.Nc3 c6 5.Bb3 d6 6.h3 Qe7 7.Nge2 a5 8.Ng3 h6
9.a3 b5 10.Qf3 Na6 11.O-O Bb6 12.Be3 Bd8 13.Nf5 Bxf5 14.Qxf5 Qd7 15.Qf3 O-O
16.d4 exd4 17.Bxd4 Re8 18.Rfe1 Qc7 19.Nxb5 cxb5 20.e5 dxe5 21.Qxa8 Nc5 22.Bxe5 Rxe5
23.Rxe5 Qxe5 24.Qxd8+ Kh7 25.Qxa5 Nfe4 26.Qe1 Qxb2 27.a4 bxa4 28.Rxa4 Nf6
29.Rb4 Nxb3 30.cxb3 Qc2  1-0

[Event "World Blitz 2022"]
[Site "Almaty KAZ"]
[Date "2022.12.30"]
[Round "14.2"]
[White "Nepomniachtchi,I"]
[Black "Nakamura,Hi"]
[Result "1/2-1/2"]
[WhiteElo "2793"]
[BlackElo "2768"]

1.e4 e5 2.Nf3 Nc6 3.Bb5 Nf6 4.d3 Bc5 5.Bxc6 dxc6 6.Nbd2 Be6 7.Nb3 Bb6 8.O-O Nd7
9.Ng5 Bxb3 10.axb3 f6 11.Nf3 Nf8 12.Nd2 Ne6 13.Nc4 O-O 14.b4 Qe7 15.c3 Rfd8
16.Qe2 c5 17.bxc5  1/2-1/2

[Event "World Blitz 2022"]
[Site "Almaty KAZ"]
[Date "2022.12.30"]
[Round "15.2"]
[White "Nakamura,Hi"]
[Black "Artemiev,V"]
[Result "0-1"]
[WhiteElo "2768"]
[BlackElo "2701"]

1.e4 e5 2.Bc4 Nf6 3.d3 Bc5 4.Nc3 c6 5.Bb3 O-O 6.Qf3 d6 7.Nge2 Be6 8.O-O Nbd7
9.h3 Bb6 10.Ng3 h6 11.Nf5 Bxf5 12.Qxf5 Nc5 13.Kh1 Nxb3 14.axb3 Qd7 15.Qf3 Qe6
16.Ne2 d5 17.Ng3 Kh7 18.Bd2 Rad8 19.Rae1 Rfe8 20.Re2 dxe4 21.dxe4 Rd7 22.Bc3 g6
23.Ree1 Red8 24.Qe2 Bd4 25.f4 exf4 26.Rxf4 Bxc3 27.bxc3 Ng8 28.Ref1 Kg7 29.Qf2 b6
30.Ne2 Rf8 31.Nd4 Qd6 32.Qe3 Re7 33.Qg3 Kh8 34.Qf2 Kg7 35.Qg3 Kh8 36.Qg4 c5
37.Nf3 Qe6 38.Qh4 Kg7 39.Qg3 Nf6 40.Ng5 hxg5 41.Rxf6 Qe5 42.Qf2 Qxe4 43.Rd6 Qe5
44.Qd2 g4 45.hxg4 Rh8+ 46.Kg1 Qh2+ 47.Kf2 Re4 48.Rd3 Rxg4 49.Ke1 Re8+ 50.Re3 Qg3+
51.Ke2 Rxe3+ 52.Qxe3 Qxg2+ 53.Rf2 Qe4  0-1

[Event "World Blitz 2022"]
[Site "Almaty KAZ"]
[Date "2022.12.30"]
[Round "16.4"]
[White "Nakamura,Hi"]
[Black "Grischuk,A"]
[Result "1-0"]
[WhiteElo "2768"]
[BlackElo "2745"]

1.e4 e6 2.d4 d5 3.Nd2 c5 4.dxc5 Nf6 5.exd5 Qxd5 6.Ngf3 Qxc5 7.Bd3 Be7 8.a4 O-O
9.O-O Qc7 10.c3 b6 11.a5 bxa5 12.Nb3 Nc6 13.Bg5 Bb7 14.Bxf6 Bxf6 15.Nc5 Rfd8
16.Nxb7 Qxb7 17.Qc2 g6 18.Be4 Qb6 19.Bxc6 Qxc6 20.Rxa5 Rd7 21.Rfa1 Rb7 22.h3 Bd8
23.Ra6 Bb6 24.c4 Rc8 25.b3 Qc5 26.Rd1 Rbb8 27.Raa1 Rd8 28.g3 a5 29.Kg2 Ba7
30.Rxd8+ Rxd8 31.Re1 Bb6 32.h4 h5 33.Ne5 Kg7 34.Re2 Bc7 35.Nf3 Qe7 36.Ng5 Qf6
37.Re3 Qd4 38.Rf3 Rd7 39.Rxf7+  1-0

[Event "World Blitz 2022"]
[Site "Almaty KAZ"]
[Date "2022.12.30"]
[Round "17.3"]
[White "Andreikin,D"]
[Black "Nakamura,Hi"]
[Result "0-1"]
[WhiteElo "2729"]
[BlackElo "2768"]

1.Nf3 Nf6 2.c4 e6 3.g3 Nc6 4.Bg2 g6 5.d4 Bg7 6.O-O O-O 7.d5 Ne7 8.Nc3 d6
9.e4 exd5 10.cxd5 Bg4 11.h3 Bxf3 12.Qxf3 Nd7 13.Qe2 f5 14.Bg5 Bf6 15.Bxf6 Rxf6
16.f4 Rf8 17.e5 Nc8 18.Rae1 Re8 19.e6 Nf6 20.g4 Ne7 21.g5 Nh5 22.Kh2 c5 23.Qd2 a6
24.Bf3 Ng7 25.h4 Qa5 26.a3 b5 27.Rh1 b4 28.Ne2 Rab8 29.Kg3 c4 30.h5 gxh5
31.Qd4 Ng6 32.Bxh5 Nxh5+ 33.Rxh5 bxa3 34.Reh1 Rb7 35.Qf6 Nf8 36.Nd4 Qd2 37.Nxf5 Rb3+
38.Ne3 Qxe3+ 39.Kg4 Qf3+ 40.Kf5 Qxd5+ 41.Kg4 Qf3+ 42.Kf5 Rb5+ 43.Qe5 Rxe5+  0-1

[Event "World Blitz 2022"]
[Site "Almaty KAZ"]
[Date "2022.12.30"]
[Round "18.2"]
[White "Sarana,A"]
[Black "Nakamura,Hi"]
[Result "1-0"]
[WhiteElo "2668"]
[BlackElo "2768"]

1.d4 Nf6 2.c4 Nc6 3.Nf3 e6 4.g3 g6 5.Bg2 Bg7 6.O-O O-O 7.b3 d5 8.Nbd2 b6
9.Bb2 Bb7 10.Qc2 Rc8 11.Rac1 Ne7 12.cxd5 exd5 13.Ne5 c5 14.dxc5 bxc5 15.Rfd1 Qa5
16.e3 Rfd8 17.a3 Ne8 18.Nd3 Bxb2 19.Qxb2 Qb6 20.b4 c4 21.Nf4 Nf6 22.Nxc4 Rxc4
23.Rxc4 dxc4 24.Rxd8+ Qxd8 25.Bxb7 Nf5 26.Bf3 g5 27.Nh5 Nxh5 28.Bxh5 Qd5
29.Be2 Nd6 30.Qc3 h5 31.Bxh5 Ne4 32.Qc2 Nd2 33.Be2 f5 34.a4 g4 35.b5 Nf3+
36.Bxf3 gxf3 37.Kf1 c3 38.Qxc3 Qd1+ 39.Qe1 Qxa4 40.Qb1 Kg7 41.h3 Kg6 42.g4 Kh6
43.gxf5 Kg5 44.Kg1 Qh4 45.Qd1 Qe4 46.Qd8+ Kxf5 47.Qf8+ Kg6 48.Qd6+ Kh7 49.Kh2 Qf5
50.Qc7+ Kh8 51.Qb8+ Kh7 52.Qxa7+ Kh6 53.Qb6+ Kh5 54.Qd6 Qxb5 55.Qf4 Qc6 56.Kg3 Qc1
57.Qxf3+ Kg5 58.Qf4+ Kh5 59.Kg2 Qa1 60.Qg4+ Kh6 61.h4 Kh7 62.Qf5+ Kh8 63.h5 Qa8+
64.Kg3 Qb8+ 65.Kg4 Qb4+ 66.e4 Qe1 67.Qe5+ Kh7 68.Qf5+ Kh8 69.Qf6+ Kh7 70.Qe7+ Kh8
71.Qe5+ Kh7 72.f3 Qg1+ 73.Qg3 Qa7 74.Qd6 Qg1+ 75.Kf5 Qf1 76.Qg6+ Kh8 77.Qh6+ Kg8
78.Qe6+ Kh7 79.f4 Qh3+ 80.Kf6 Qc3+ 81.Qe5 Qc6+ 82.Kg5 Qc1 83.Qe7+ Kh8 84.e5 Qg1+
85.Kh6  1-0

[Event "World Blitz 2022"]
[Site "Almaty KAZ"]
[Date "2022.12.30"]
[Round "19.3"]
[White "Nakamura,Hi"]
[Black "Shimanov,A"]
[Result "1/2-1/2"]
[WhiteElo "2768"]
[BlackElo "2581"]

1.e4 d5 2.exd5 Qxd5 3.Nc3 Qe5+ 4.Nge2 Nf6 5.d4 Qa5 6.g3 c6 7.Bg2 Bf5 8.a3 e6
9.O-O Be7 10.h3 h6 11.Rb1 O-O 12.b4 Qc7 13.b5 Nbd7 14.a4 Rac8 15.bxc6 bxc6
16.Bf4 Bd6 17.Qd2 Rfd8 18.Bxd6 Qxd6 19.a5 Rb8 20.Na4 c5 21.Rfd1 Rxb1 22.Rxb1 cxd4
23.Qxd4 Ne5 24.Qxd6 Rxd6 25.Nc5 Rd2 26.Bf1 Ne4 27.Nb3 Rxc2 28.Nbd4 Rc7 29.Nxf5 exf5
30.Nd4 g6 31.a6 Rd7 32.Nb5 Rd2 33.Bg2 Ra2 34.Bxe4 fxe4 35.Nc3 Rxa6 36.Rb8+ Kg7
37.Nxe4 Ra1+ 38.Kg2 Rd1 39.Rb5 Nc4 40.Rb7 a5 41.Rc7 Rd4 42.Nc5 Kg8 43.Rc8+ Kg7
44.Rc7 Kg8 45.Rc8+ Kg7 46.Rc7  1/2-1/2

[Event "World Blitz 2022"]
[Site "Almaty KAZ"]
[Date "2022.12.30"]
[Round "20.3"]
[White "Keymer,Vincent"]
[Black "Nakamura,Hi"]
[Result "0-1"]
[WhiteElo "2696"]
[BlackElo "2768"]

1.Nf3 Nf6 2.c4 Nc6 3.d4 e6 4.a3 g6 5.Nc3 d6 6.e4 Bg7 7.Be2 O-O 8.O-O e5 9.d5 Ne7
10.b4 Nd7 11.a4 f5 12.Ng5 Nf6 13.Qc2 fxe4 14.Ncxe4 Nf5 15.Bb2 Nxe4 16.Nxe4 Bd7
17.Ra3 Qe7 18.a5 Rac8 19.Qd1 h6 20.c5 Be8 21.Rf3 Rd8 22.a6 b6 23.cxb6 cxb6
24.Bd3 Bf7 25.Ng3 Nh4 26.Rxf7 Rxf7 27.Ne4 Nf5 28.Qg4 Kh7 29.Rc1 Qf8 30.Rc6 Ne7
31.b5 Rf4 32.Qe6 Nf5 33.g3 Rf3 34.Be2 Rb3 35.Bc3 Rxc3 36.Rxc3 Nd4 37.Qg4 h5
38.Ng5+ Kh6 39.Qe4 Kxg5 40.Bd3 Nf5 41.Rc7 Kh6 42.Rxa7 Rc8 43.Kg2 h4 44.Rb7 Qf6
45.Qg4 Rf8 46.Qe2 Qg5 47.Be4 Nd4 48.Qe3 Qxe3 49.fxe3 Nxb5 50.Rxb6 Nc3 51.Bf3 e4
52.Be2 Nxe2 53.Rxd6 hxg3 54.hxg3 Nc3 55.Rd7 Ra8 56.a7 Nxd5 57.Rxd5 Rxa7 58.g4 Rf7
59.Kg3 Rf3+ 60.Kh4 Kh7 61.Rd7 Rxe3 62.Kg5 Re1 63.Kf4 e3 64.Re7 Kg8  0-1

[Event "World Blitz 2022"]
[Site "Almaty KAZ"]
[Date "2022.12.30"]
[Round "21.3"]
[White "Nakamura,Hi"]
[Black "Harikrishna,P"]
[Result "1/2-1/2"]
[WhiteElo "2768"]
[BlackElo "2705"]

1.c4 e5 2.a3 Nf6 3.d3 d5 4.cxd5 Nxd5 5.Nf3 Nc6 6.e4 Nb6 7.Be2 Be7 8.Be3 O-O
9.O-O Kh8 10.b4 a6 11.Nbd2 f5 12.Rc1 Be6 13.Qc2 Rc8 14.Nb3 f4 15.Bc5 Nd7
16.Bxe7 Qxe7 17.h3 Rfd8 18.Nc5 Nxc5 19.Qxc5 Qf6 20.b5 axb5 21.Qxb5 Rb8 22.Rc5 Bd7
23.Qb2 b6 24.Rc2 Be8 25.Rfc1 Rd6 26.Bf1 h6 27.Rc3 Bh5 28.Nd2 f3 29.g3 Nd4
30.Nc4 Rc6 31.Ne3 Rxc3 32.Qxc3 c5 33.Rb1 Bf7 34.Qd2 Be6 35.a4 Qd8 36.Qb2 Ra8
37.Ra1 Qd7 38.Qxb6 Bxh3 39.Kh2 Bxf1 40.Rxf1 Qf7 41.g4 Qf4+ 42.Kh3 Rxa4 43.Qd8+ Kh7
44.Nd5 Qf7 45.Qd6 Ne6 46.Qxe5 Rd4 47.Kg3 Rxd3 48.Ne3 Ng5 49.Nf5 Rd7 50.Rc1 Qe6
51.Qxe6 Nxe6 52.Kxf3 Rd3+ 53.Kg2 Ng5 54.Rxc5 Nxe4 55.Rc7 Rd2 56.Kf3 Nxf2
57.Rxg7+ Kh8 58.Ra7 Nxg4 59.Kxg4 Kg8 60.Kh5 Rg2 61.Kh4 Kf8 62.Ne3 Rg5 63.Ng4 Rg7
64.Ra8+ Ke7 65.Ne3 Rg5 66.Ra6 Re5 67.Ng4 Rb5 68.Nf6 Rg5 69.Ne4 Re5 70.Ra7+ Ke6
71.Nc3 Rc5 72.Ne2 Re5 73.Nf4+ Kf5 74.Nd3 Re4+ 75.Kh5 Rd4 76.Ra3 Ke4 77.Nf2+ Kf5
78.Ng4 Kf4 79.Ra5 Ke4 80.Ra8 Rd5+ 81.Kh4 Rd4 82.Rf8 Kd3 83.Kg3 Kc4 84.Kf3 Kb5
85.Ne5 h5 86.Ke3 Rd1 87.Ke4 h4 88.Rb8+ Ka6 89.Nd3 h3 90.Rh8 Kb7 91.Rh6 Kc8
92.Nc5 Kd8 93.Rh7 Ke8 94.Ke5 Re1+ 95.Kd6 Rd1+ 96.Kc6 h2 97.Rxh2 Ke7 98.Re2+ Kf6
99.Ne4+ Kf5 100.Nd2 Ra1 101.Kd5 Ra5+ 102.Kd4 Ra4+ 103.Nc4 Kg4 104.Rf2 Kh4
105.Rg2 Kh3 106.Rg8 Kh4 107.Kd5 Kh3 108.Ne3 Kh4 109.Ke5 Ra5+ 110.Kf4 Ra4+
111.Kf3 Kh5 112.Ng4 Ra3+ 113.Kf4 Ra4+ 114.Kf5 Ra5+ 115.Ne5 Kh4 116.Rg7 Kh3
117.Rg1 Kh4 118.Rc1 Kh3 119.Rc3+ Kh4 120.Rb3 Rd5 121.Ke6 Ra5 122.Kf6 Ra8
123.Kf5 Rf8+ 124.Ke4 Ra8 125.Rb4 Kg5 126.Nf3+ Kg4 127.Rb5 Ra4+ 128.Nd4 Ra8
129.Re5 Ra1 130.Rc5 Re1+ 131.Kd3 Re8 132.Rc1 Ra8 133.Rf1 Rb8 134.Nc6 Ra8
135.Ne5+ Kg5 136.Kd4 Ra4+ 137.Kd5 Ra5+ 138.Ke6 Ra6+ 139.Ke7 Ra7+ 140.Kf8 Ra8+
141.Kg7 Ra7+ 142.Nf7+ Kg4 143.Rf6 Ra8 144.Ne5+ Kg5 145.Rf7 Ra5 146.Nf3+ Kg4
147.Nd4 Ra6 148.Nf5 Rb6 149.Ne3+ Kg3 150.Rf5 Ra6 151.Nd5 Kg4 152.Re5 Rc6
153.Re4+ Kf3 154.Rf4+ Kg3 155.Rf7 Ra6 156.Nc3 Kg4 157.Ne4 Rb6 158.Nf6+ Kg3
159.Kg6 Rb5 160.Nh5+ Kg2 161.Rf4 Ra5 162.Nf6 Rb5 163.Ne4 Ra5 164.Rf2+ Kg1
165.Rb2 Kf1 166.Nd2+ Ke1 167.Kf6 Ra8 168.Ke5 Ke2 169.Ne4+ Ke3 170.Rb3+ Ke2
171.Nc5 Re8+ 172.Ne6 Ke1 173.Rb2 Kd1 174.Kd5 Ke1 175.Nf4 Rd8+ 176.Kc4 Rd2
177.Rb3 Rd8 178.Rf3 Rc8+ 179.Kd4 Rd8+  1/2-1/2

[Event "Titled Tue 24th Jan Late"]
[Site "chess.com INT"]
[Date "2023.01.24"]
[Round "1"]
[White "Arencibia,A"]
[Black "Nakamura,Hi"]
[Result "0-1"]
[WhiteElo "2134"]
[BlackElo "2768"]

1.e4 g6 2.Nf3 Bg7 3.d4 c6 4.Nc3 d5 5.exd5 cxd5 6.Bb5+ Nc6 7.Be2 Bg4 8.Be3 e6
9.h3 Bxf3 10.Bxf3 Nge7 11.O-O Nf5 12.Ne2 Nh4 13.c3 Nxf3+ 14.gxf3 O-O 15.Qd2 b5
16.Ng3 a5 17.Kg2 b4 18.Rh1 bxc3 19.bxc3 a4 20.Rab1 Na5 21.Bh6 Nc4 22.Qc1 Qc7
23.Bxg7 Kxg7 24.h4 h6 25.h5 g5 26.Ne2 Nd6 27.f4 g4 28.Qe3 Rac8 29.Rh4 Nf5
30.Rxg4+ Kh7 31.Qd3 Qc4 32.Qxc4 Rxc4 33.Rb7 Nd6 34.Ra7 Ne4 35.f5 Nf6 36.Rg6 Nxh5
37.Rxe6 Rcc8 38.Rd6 Kg7 39.Kf3 Nf6 40.Rxa4 Rfe8 41.Raa6 Ne4 42.f6+ Kg8 43.Nf4 Rxc3+
44.Kg2 Nxd6 45.Rxd6 Rc2 46.Rxd5 Rxa2 47.Rf5 Re4 48.d5 Rd2 49.Kg3 Kh7 50.Rh5 Rdd4
51.Rh4 Re5 52.f3 Rf5 53.Rg4 Rxf6 54.Nh5 Rg6 55.Rxg6 fxg6 56.Nf6+ Kg7 57.Ne8+ Kf7
58.Nd6+ Ke7 59.Nc8+ Kd8 60.Nd6 Ke7 61.Nc8+ Kd7 62.Nb6+ Kc7 63.d6+ Kxb6  0-1

[Event "Titled Tue 24th Jan Late"]
[Site "chess.com INT"]
[Date "2023.01.24"]
[Round "2"]
[White "Nakamura,Hi"]
[Black "Domingo Nunez,Ruben"]
[Result "1-0"]
[WhiteElo "2768"]
[BlackElo "2380"]

1.Nf3 g6 2.e4 Bg7 3.d4 c6 4.Bd3 d5 5.e5 f6 6.O-O Bg4 7.Nbd2 fxe5 8.dxe5 Nd7
9.Be2 Bxf3 10.Nxf3 Nxe5 11.Nd4 Qd6 12.Bf4 Nf3+ 13.Bxf3 Qxf4 14.Ne6 Qe5 15.Re1 Qxb2
16.Rb1 Qa3 17.Nxg7+ Kf7 18.Ne6 Nf6 19.Rxb7  1-0

[Event "Titled Tue 24th Jan Late"]
[Site "chess.com INT"]
[Date "2023.01.24"]
[Round "3"]
[White "Sanal,V"]
[Black "Nakamura,Hi"]
[Result "0-1"]
[WhiteElo "2590"]
[BlackElo "2768"]

1.e4 c6 2.Nf3 d5 3.d3 Bg4 4.Nbd2 Nd7 5.h3 Bh5 6.Qe2 e6 7.g4 Bg6 8.Bg2 Bd6
9.b3 Ne7 10.Bb2 e5 11.exd5 Nxd5 12.Nc4 Bb4+ 13.Kf1 Nf4 14.Qe3 f6 15.a3 Be7
16.d4 Nxg2 17.Kxg2 O-O 18.Rac1 e4 19.Nh4 f5 20.Nxg6 hxg6 21.f4 Nf6 22.g5 Nd5
23.Qg3 Bd6 24.Rhf1 b5 25.Ne5 Bxe5 26.dxe5 Qb6 27.Rfe1 Rad8 28.h4 Nc7 29.Rcd1 Ne6
30.Bc1 c5 31.Be3 Qc6 32.Qh3 Nd4 33.Rc1 Nf3 34.Re2 Rf7 35.h5 gxh5 36.Qxh5 g6
37.Qh1 Rh7 38.Qf1 Qd5 39.Kg3 Kf7 40.c4 Qd3 41.cxb5 Rdh8 42.Rxc5 Rh3+ 43.Qxh3 Rxh3+
44.Kxh3 Qxe2  0-1

[Event "Titled Tue 24th Jan Late"]
[Site "chess.com INT"]
[Date "2023.01.24"]
[Round "4"]
[White "Nakamura,Hi"]
[Black "Kamsky,G"]
[Result "1-0"]
[WhiteElo "2768"]
[BlackElo "2666"]

1.Nf3 Nf6 2.d4 g6 3.Bg5 Bg7 4.Nbd2 d6 5.h3 O-O 6.e4 c5 7.d5 h6 8.Be3 e6 9.dxe6 Bxe6
10.Bd3 Nc6 11.O-O Re8 12.Re1 Nd7 13.c3 d5 14.exd5 Bxd5 15.Bc4 Nde5 16.Nxe5 Nxe5
17.Bb5 Re6 18.Bxc5 Qg5 19.Bf1 Rd8 20.Be3 Qh4 21.Qc2 f5 22.Rad1 Rde8 23.Nb3 Be4
24.Qc1 Nf3+ 25.gxf3 Bxf3 26.Nd4 Bxd4 27.Rxd4 f4 28.Rxf4 Qxf4 29.Bxf4 Rxe1
30.Qc2 Kg7 31.Qd3 Bc6 32.Be3 Kh7 33.Kh2  1-0

[Event "Titled Tue 24th Jan Late"]
[Site "chess.com INT"]
[Date "2023.01.24"]
[Round "5"]
[White "Tang,Andrew"]
[Black "Nakamura,Hi"]
[Result "0-1"]
[WhiteElo "2531"]
[BlackElo "2768"]

1.d4 d5 2.Bf4 c5 3.e3 Nc6 4.Nf3 Bg4 5.Nbd2 e6 6.c3 cxd4 7.exd4 Bd6 8.Bxd6 Qxd6
9.Be2 Nge7 10.O-O O-O 11.Re1 Rab8 12.a4 a6 13.Ne5 Bxe2 14.Qxe2 Nxe5 15.dxe5 Qc7
16.Nf3 Rfc8 17.Nd4 Nc6 18.Rad1 Qa5 19.Nxc6 bxc6 20.Rd4 Rb3 21.Rh4 Rcb8 22.Qh5 h6
23.h3 Rxb2 24.Re3 Qc5 25.Rf4 R8b7 26.Rg3 Rxf2 27.Rxf2 Rb1+ 28.Kh2 Qxf2 29.Rf3 Qg1+
30.Kg3 Qe1+ 31.Kh2 Rb7 32.Rg3 c5 33.Rg4 Kf8 34.Rf4 Re7 35.Rg4 Rd7 36.Rf4 d4
37.cxd4 cxd4 38.Qf3 Qxe5 39.g3 g6 40.h4 h5 41.Re4 Qd5 42.Qf4 Kg7 43.Re5 Qd6  0-1

[Event "Titled Tue 24th Jan Late"]
[Site "chess.com INT"]
[Date "2023.01.24"]
[Round "6"]
[White "Nakamura,Hi"]
[Black "Tari,A"]
[Result "1-0"]
[WhiteElo "2768"]
[BlackElo "2653"]

1.Nf3 Nf6 2.b3 d5 3.Bb2 Bf5 4.g3 h6 5.Bg2 e6 6.d3 Be7 7.Ne5 O-O 8.O-O Bh7
9.Nd2 a5 10.a3 Nbd7 11.e4 c6 12.Nxd7 Nxd7 13.Qe2 Re8 14.f4 a4 15.b4 c5 16.b5 Bf6
17.e5 Be7 18.c4 Nb6 19.Rfd1 Qc7 20.Nf1 Rad8 21.Ne3 dxc4 22.dxc4 Rxd1+ 23.Rxd1 Rd8
24.Bc3 Rd7 25.Rd2 Nc8 26.Qd1 Rxd2 27.Qxd2 b6 28.Bf3 Qd8 29.Qxd8+ Bxd8 30.Bd1 Bd3
31.Bxa4 g5 32.Bc2 gxf4 33.Bxd3 fxe3 34.Kf1 h5 35.Ke2 Bg5 36.h4 Bh6 37.a4 Kf8
38.Be4 Ke8 39.Bf3 Ne7 40.Be4 Kd7 41.Kf3 Nf5 42.Bxf5 exf5 43.a5 bxa5 44.Bxa5 Bg7
45.Bc3 Ke6 46.b6 Kd7 47.e6+  1-0

[Event "Titled Tue 24th Jan Late"]
[Site "chess.com INT"]
[Date "2023.01.24"]
[Round "7"]
[White "Deac,Bogdan-Daniel"]
[Black "Nakamura,Hi"]
[Result "1/2-1/2"]
[WhiteElo "2700"]
[BlackElo "2768"]

1.d4 Nf6 2.c4 Nc6 3.Nf3 e6 4.g3 g6 5.Bg2 Bg7 6.O-O O-O 7.Nc3 d5 8.b3 Ne4
9.Bb2 b6 10.Rc1 Bb7 11.cxd5 exd5 12.e3 Ne7 13.Nxe4 dxe4 14.Ng5 c5 15.Nxe4 Rb8
16.Qd2 cxd4 17.exd4 Bd5 18.h4 Nf5 19.Rcd1 Qd7 20.Rfe1 Rfe8 21.h5 Re6 22.hxg6 hxg6
23.Nc3 Bxg2 24.Kxg2 Nxd4 25.Rxe6 Qxe6 26.Qd3 Re8 27.Rd2 Qc6+ 28.f3 f5 29.Ne2 Ne6
30.Bxg7 Kxg7 31.Nd4 Nxd4 32.Qxd4+ Kf7 33.a4 a5 34.Qd5+ Qxd5 35.Rxd5 Re2+
36.Kf1 Re3 37.Rb5 Rxf3+ 38.Kg2 Rd3 39.Rxb6 Kg7 40.b4 Ra3 41.bxa5 Rxa4 42.a6 Kh6
43.Kf3 Kg5 44.Rc6 Ra3+ 45.Kf2 Kh5 46.Rc4 Rxa6 47.g4+ fxg4 48.Rc8 Ra2+ 49.Kg3 Ra3+
50.Kg2 g3 51.Rc4 Kg5 52.Rb4 Kf5 53.Rb5+ Kg4 54.Rb4+ Kh5 55.Rb5+ g5 56.Rb4 Rd3
57.Rc4 Re3 58.Rb4 Kg6 59.Ra4 Rb3 60.Rc4 Kf6 61.Ra4 Rc3 62.Rb4 Kf5 63.Rb5+ Kg4
64.Rb4+ Kh5 65.Ra4 Rd3 66.Rb4 g4 67.Rb8 Kg5 68.Rg8+ Kf4 69.Rf8+ Ke5 70.Rg8 Kf5
71.Rf8+ Kg5 72.Rg8+ Kf4 73.Rf8+ Ke4 74.Re8+ Kf5 75.Rf8+ Kg6 76.Rg8+ Kh5 77.Rh8+ Kg5
78.Rg8+  1/2-1/2

[Event "Titled Tue 24th Jan Late"]
[Site "chess.com INT"]
[Date "2023.01.24"]
[Round "8"]
[White "Nakamura,Hi"]
[Black "Yu Yangyi"]
[Result "1-0"]
[WhiteElo "2768"]
[BlackElo "2729"]

1.Nf3 d5 2.e3 Nf6 3.c4 e6 4.d4 Bd6 5.Nc3 O-O 6.c5 Be7 7.b4 b6 8.a3 c6 9.Bd3 Ba6
10.O-O Qc7 11.Bxa6 Nxa6 12.Qd3 Nb8 13.Bd2 Nbd7 14.Rfc1 bxc5 15.bxc5 e5 16.Qf1 e4
17.Ne1 Ng4 18.g3 h5 19.Rab1 Rfb8 20.Nc2 Nf8 21.Nb4 Qd7 22.Qa6 Rc8 23.Qe2 Nh7
24.f3 exf3 25.Qxf3 Ng5 26.Qe2 Re8 27.Rf1 Bf6 28.Nc2 Re7 29.Qd3 Rae8 30.Qf5 Re6
31.Kg2 g6 32.Qf4 Nh7 33.h4 Bg7 34.Rb8 Bh6 35.Rxe8+ Qxe8 36.Qf3 Bxe3 37.Be1 Nhf6
38.Nd1 Bh6 39.Bf2 Ne4 40.Be1 Nef6 41.Bf2 Qb8 42.Nde3 Qb2 43.Nxg4 Nxg4 44.Nb4 Ne3+
45.Kg1 Nxf1 46.Kxf1 a5 47.Nd3 Qc2 48.Ne5 Bg7 49.Qxf7+ Kh7 50.Qxe6 Qb1+ 51.Kg2 Qe4+
52.Kg1 Qb1+ 53.Kh2 Qc2 54.Qf7 Kh6 55.Nxc6 Qe4 56.Ne7  1-0

[Event "Titled Tue 24th Jan Late"]
[Site "chess.com INT"]
[Date "2023.01.24"]
[Round "9"]
[White "Nakamura,Hi"]
[Black "Carlsen,M"]
[Result "1-0"]
[WhiteElo "2768"]
[BlackElo "2859"]

1.a3 e5 2.c4 Nf6 3.d3 c6 4.Nf3 Be7 5.Bg5 h6 6.Bh4 O-O 7.e3 d6 8.Be2 Be6 9.Nc3 Nbd7
10.d4 a6 11.Rc1 Re8 12.O-O Bg4 13.Nd2 exd4 14.exd4 Bxe2 15.Qxe2 d5 16.Qd3 dxc4
17.Nxc4 Nc5 18.Qd1 Ne6 19.Bxf6 Bxf6 20.d5 cxd5 21.Nxd5 Bd4 22.Nce3 Bxb2 23.Rb1 Bxa3
24.Rxb7 Bc5 25.Qh5 Rf8 26.h4 Ra7 27.Rxa7 Bxa7 28.Nf5 Kh7 29.Rd1 a5 30.Qg4 Qc8
31.Nf6+ Kh8 32.Qh5 Qc2 33.Rf1 Qd2 34.Ne4 Qf4 35.Nfg3 a4 36.Qa5 Qxh4 37.Qxa7 f5
38.Nc5 Nf4 39.Qxa4  1-0

[Event "Titled Tue 24th Jan Late"]
[Site "chess.com INT"]
[Date "2023.01.24"]
[Round "10"]
[White "Bluebaum,M"]
[Black "Nakamura,Hi"]
[Result "1/2-1/2"]
[WhiteElo "2661"]
[BlackElo "2768"]

1.d4 Nf6 2.c4 Nc6 3.Nf3 e6 4.g3 g6 5.Bg2 Bg7 6.O-O O-O 7.Nc3 d5 8.cxd5 exd5
9.Ne5 Ne7 10.b3 c6 11.Bb2 Nd7 12.Nf3 Nf5 13.Qd2 Re8 14.Rfe1 Nf6 15.Ne5 Ne4
16.Nxe4 dxe4 17.Rad1 Nd6 18.Nc4 Be6 19.Qc2 Bd5 20.Ne3 Qd7 21.Nxd5 cxd5 22.e3 h5
23.h3 Bf8 24.Rc1 Qe6 25.Qe2 Nf5 26.Rc7 Reb8 27.Rec1 Bd6 28.R7c2 a6 29.Bc3 Ba3
30.Bb2 Bxb2 31.Rxb2 Rc8 32.Rbc2 Kg7 33.Qd2 Rxc2 34.Rxc2 Rc8 35.Bf1 Nd6 36.h4 Ne8
37.Rc5 Nf6 38.Qc3 Rd8 39.Rc7 Rd7 40.Rc8 Re7 41.Qc5 Qd7 42.Qc3 Qe6 43.Qc5 Qd7
44.Qc3 Qf5 45.Be2 Qd7 46.Qc5 Qe6 47.Qc3 Qd6 48.Qc5 Qd7 49.Qc3 Ne8 50.Rc5 Nc7
51.Qc1 Ne6 52.Rc8 Re8 53.Rxe8 Qxe8 54.Qc3 Qd7 55.a4 Nd8 56.Qc5 Ne6 57.Qc3 Qc7
58.Qxc7 Nxc7 59.Kf1 a5 60.Kg2 b6 61.Kh2 Kf6 62.Kg2 Ke7 63.g4 hxg4 64.Bxg4 Ne8
65.Be2 Nc7 66.Kg3 f6 67.Kg4 Ne6 68.Kg3 Kf7 69.Bb5 Ng7 70.Bc6 Ke6 71.Bb5 Nf5+
72.Kh3 Ng7 73.Kg3 Kd6 74.Kg4 Ke7 75.Kg3 Ke6 76.Kg4 Kd6 77.Kg3 Ke7 78.Kg4 Ke6
79.Kg3  1/2-1/2

[Event "Airthings Play-In Match"]
[Site "chess.com INT"]
[Date "2023.02.03"]
[Round "1.2"]
[White "Nakamura,Hi"]
[Black "Dubov,Daniil"]
[Result "1/2-1/2"]
[WhiteElo "2768"]
[BlackElo "2708"]

1.e4 c5 2.Nf3 e6 3.d4 cxd4 4.Nxd4 Nf6 5.Nc3 Nc6 6.Ndb5 d6 7.Bf4 e5 8.Bg5 a6
9.Na3 b5 10.Nd5 Be7 11.Bxf6 Bxf6 12.c4 b4 13.Nc2 O-O 14.g3  1/2-1/2

[Event "Airthings Play-In Match"]
[Site "chess.com INT"]
[Date "2023.02.03"]
[Round "1.1"]
[White "Dubov,Daniil"]
[Black "Nakamura,Hi"]
[Result "1/2-1/2"]
[WhiteElo "2708"]
[BlackElo "2768"]

1.d4 Nf6 2.c4 e6 3.Nf3 Bb4+ 4.Nbd2 d5 5.g3 O-O 6.Bg2 b6 7.O-O Bb7 8.b3 dxc4
9.Nxc4 c5 10.Bb2 cxd4 11.Qxd4 Qxd4 12.Nxd4 Bxg2 13.Kxg2 Bc5 14.Rfd1 Nbd7
15.Rac1 Rfc8 16.Nb5 a6 17.Nbd6 Rc7 18.a3 b5 19.Na5 Bb6 20.Rxc7 Bxc7 21.Nc6 Nc5
22.Bxf6 gxf6 23.b4 Bxd6 24.Rxd6 Na4 25.Rd7 Nb6 26.Rd3 Nc4 27.Na5 Nxa5 28.bxa5 Rc8
29.Rd6 Rc3 30.Rxa6 Rxa3 31.Ra8+ Kg7 32.a6 b4  1/2-1/2

[Event "Airthings Play-In Match"]
[Site "chess.com INT"]
[Date "2023.02.03"]
[Round "1.3"]
[White "Nakamura,Hi"]
[Black "Dubov,Daniil"]
[Result "1-0"]
[WhiteElo "2768"]
[BlackElo "2708"]

1.e4 c5 2.Nf3 e6 3.d4 cxd4 4.Nxd4 Nf6 5.Nc3 Nc6 6.a3 Be7 7.f4 O-O 8.Be3 e5
9.Nxc6 dxc6 10.f5 Qxd1+ 11.Rxd1 b5 12.Bd3 a5 13.Nb1 c5 14.Bxb5 Rb8 15.a4 Nxe4
16.O-O g6 17.fxg6 hxg6 18.Rfe1 Bg4 19.Rd3 Bf5 20.Na3 Nf6 21.Rdd1 Ng4 22.Bd2 c4
23.h3 Bc5+ 24.Kf1 Nf2 25.Rc1 Ne4 26.Be3 c3 27.Bxc5 cxb2 28.Bxf8 bxc1=Q 29.Rxc1 Kxf8
30.Re1 g5 31.Re3 f6 32.Nc4 Rc8 33.Ke1 Ke7 34.g4 Bg6 35.Nxa5 Rxc2 36.Bd3 Rc5
37.Nc4 Nc3 38.Nb6 Bxd3 39.Rxd3 Ke6 40.a5 Na2 41.Ra3 Nb4 42.Ra4 Na6 43.Nc4 Kd5
44.Ne3+ Kc6 45.Ke2 Kb5 46.Ra1 Nb4 47.a6 Nxa6 48.Rf1 Rc6 49.Nd5 Rc2+ 50.Kf3 Nc5
51.Nxf6 Rc3+ 52.Kg2 Kc4 53.Rf5 Kd4 54.Rxg5 e4 55.Rd5+ Kc4 56.g5 Rc2+ 57.Kg3 Rc3+
58.Kg4 Rc1 59.g6 Rg1+ 60.Kh5 e3 61.Re5 Kd4 62.Rxe3 Kxe3 63.Ng4+ Rxg4 64.Kxg4 Nd7
65.Kf5  1-0